Statistics for You Gotta Know These Works of Literature(Give the Author)

Click here to take the quiz!

General Stats

  • This quiz has been taken 3,889 times
    (3,330 since last reset)
  • The average score is 53 of 95

Answer Stats

HintAnswer% Correct
HamletShakespeare
99%
MacbethShakespeare
96%
Romeo and JulietShakespeare
94%
OthelloShakespeare
93%
King LearShakespeare
92%
IliadHomer
91%
1984Orwell
91%
Pride and PrejudiceAusten
89%
OdysseyHomer
86%
Animal FarmOrwell
86%
A Midsummer Night's DreamShakespeare
86%
Jane EyreBronte
85%
The TempestShakespeare
85%
The Great GatsbyFitzgerald
84%
War and PeaceTolstoy
84%
The Merchant of VeniceShakespeare
83%
Julius CaesarShakespeare
83%
The Adventures of Huckleberry FinnTwain
82%
A Tale of Two CitiesDickens
81%
Anna KareninaTolstoy
81%
Great ExpectationsDickens
80%
Wuthering HeightsBronte
79%
The Divine ComedyDante
78%
Sense and SensabilityAusten
77%
David CopperfieldDickens
77%
Les MiserablesHugo
77%
To Kill a MockingbirdLee
77%
UlyssesJoyce
75%
Much Ado about NothingShakespeare
75%
Twelfth NightShakespeare
73%
The Canterbury TalesChaucer
70%
The Grapes of WrathSteinbeck
70%
Moby-DickMelville
69%
Don QuixoteCervantes
68%
Crime and PunishmentDostoyevsky
68%
The RavenPoe
68%
The Catcher in the RyeSalinger
68%
The Taming of the ShrewShakespeare
68%
InfernoDante
66%
As You Like ItShakespeare
66%
A Farewell to ArmsHemingway
65%
Brave New WorldHuxley
65%
Little WomenAlcott
64%
The Three MusketeersDumas
64%
Alice's Adventures in WonderlandCarroll
63%
For Whom the Bell TollsHemingway
60%
Paradise LostMilton
60%
The Count of Monte CristoDumas
59%
LolitaNabokov
59%
Heart of DarknessConrad
56%
The Scarlet LetterHawthorne
56%
CandideVoltaire
55%
The Merry Wives of WindsorShakespeare
54%
The Importance of Being EarnestWilde
53%
The Call of the WildLondon
52%
Slaughterhouse FiveVonnegut
52%
A Streetcar Named DesireWilliams
51%
The Brothers KaramazovDostoyevsky
50%
Robinson CrusoeDefoe
48%
The Sun Also RisesHemingway
48%
Death of a SalesmanMiller
48%
The StrangerCamus
44%
Uncle Tom's CabinStowe
44%
AeneidVirgil
44%
The CrucibleMiller
41%
FaustGoethe
40%
PygmalionShaw
39%
A Doll's HouseIbsen
37%
Oedipus RexSophocles
35%
The Waste LandEliot
34%
The Sound and the FuryFaulkner
34%
One Hundred Years of SolitudeGarcia Marquez
34%
The Glass MenagerieWilliams
33%
Vanity FairThackeray
32%
AntigoneSophocles
30%
IvanhoeScott
29%
The Charge of The Light BrigadeTennyson
29%
The JungleSinclair
25%
Beowulfunknown
25%
Things Fall ApartAchebe
24%
Invisible ManEllison
23%
The Magic MountainMann
23%
Pilgrim's ProgressBunyan
22%
The Red Badge of CourageCrane
21%
DecameronBoccaccio
18%
My AntoniaCather
18%
Rip van WinkleIrving
18%
Billy Budd: ForetopmanMelville
18%
The House of Seven GablesHawthorne
17%
Eugene OneginPushkin
16%
Our TownWilder
13%
Long Day's Journey Into NightO'Neill
10%
A Raisin in the SunHansberry
9%
All The King's MenWarren
9%
OresteiaAeschylus
8%

Score Distribution

Percentile by Number Answered

Percent of People with Each Score

Your Score History

You have not taken this quiz since the last reset